NCAA College Teams by State: Florida - Statistics

General Stats
  • This quiz has been taken 155 times
  • The average score is 13 of 27
Answer Stats
% Correct
Division I-A Florida Gators
100%
Division I-A Florida State Seminoles
99%
Division I-A Miami Hurricanes
96%
Division I-A Florida Atlantic Owls
92%
Division I-A UCF Knights
91%
Division I-A South Florida Bulls
90%
Division I-A FIU Panthers
83%
Division I-AA Florida A&M Rattlers
73%
Division I-AA Jacksonville Dolphins
65%
Division I-AA North Florida Ospreys
60%
Division I-AA FGCU Eagles
53%
Division II Tampa Spartans
52%
Division I-AA Stetson Hatters
51%
Division I-AA Bethune-Cookman Wildcats
44%
Division II West Florida Argonauts
37%
Division II Florida Tech Panthers
32%
Division II Florida Southern Moccasins
19%
Division II Flagler Saints
17%
Division II Nova Southeastern Sharks
15%
Division II Eckerd Tritons
14%
Division II Embry-Riddle Eagles
14%
Division II Palm Beach Atlantic Sailfish
14%
Division II Rollins Tars
14%
Division II Barry Buccaneers
13%
Division II Saint Leo Lions
13%
Division II Edward Waters Tigers
11%
Division II Lynn Fighting Knights
9%
No matching quizzes found
Score Distribution
Percent of People with Each Score
Percentile by Number Answered
Your Score History
You have not taken this quiz